[Event "Moscow op-A"]
[Site "Moscow"]
[Date "2015.02.06"]
[Round "7"]
[White "Kruk, Ivan"]
[Black "Proleiko, Julian"]
[Result "0-1"]
[WhiteElo "1887"]
[BlackElo "1981"]
[PlyCount "47"]
[EventDate "2015.01.31"]
[EventType "swiss"]
[EventRounds "9"]
[EventCountry "RUS"]
[SourceTitle "CBM 164 Extra"]
[Source "ChessBase"]
[SourceDate "2015.03.02"]
[SourceVersion "1"]
[SourceVersionDate "2015.03.02"]
[SourceQuality "1"]

1. e4 c5 2. Nf3 d6 3. d4 cxd4 4. Nxd4 Nf6 5. Nc3 g6 6. Bd3 Bg7 7. 0-0 0-0 8. Kh1 Nc6 9. Nxc6 bxc6 10. Qe2 Rb8 11. Rb1 e5 12. Bg5 h6 13. Be3 d5 14. Bxa7 Rb7 15. Bc5 Re8 16. a4 d4 17. Nd1 Nh5 18. Ba6 Nf4 19. Qf3 Rd7 20. Bxc8 Qxc8 21. b4 f5 22. Nb2 Ne6 23. Rbc1 Nxc5 24. bxc5 0-1

[Event "Moscow op-A"]
[Site "Moscow"]
[Date "2015.02.03"]
[Round "4"]
[White "Selivanov, Ivan"]
[Black "Kruk, Ivan"]
[Result "1-0"]
[WhiteElo "2149"]
[BlackElo "1887"]
[PlyCount "51"]
[EventDate "2015.01.31"]
[EventType "swiss"]
[EventRounds "9"]
[EventCountry "RUS"]
[SourceTitle "CBM 164 Extra"]
[Source "ChessBase"]
[SourceDate "2015.03.02"]
[SourceVersion "1"]
[SourceVersionDate "2015.03.02"]
[SourceQuality "1"]

1. e4 e5 2. Nf3 Nc6 3. Bb5 a6 4. Ba4 d6 5. 0-0 Bd7 6. Re1 b5 7. Bb3 Na5 8. d4 Nxb3 9. axb3 f6 10. Nc3 g6 11. Nh4 b4 12. Na2 a5 13. f4 Bh6 14. fxe5 fxe5 15. Nf3 Bxc1 16. Nxc1 Nh6 17. dxe5 0-0 18. Qd5+ Kh8 19. e6 Be8 20. e7 Qxe7 21. Qxa8 Kg7 22. Qd5 c6 23. Qg5 Qa7+ 24. Qe3 c5 25. h3 Qc7 26. Nd3 1-0

[Event "Moscow op-E"]
[Site "Moscow"]
[Date "2011.02.01"]
[Round "4.253"]
[White "Martynyuk, Elizaveta"]
[Black "Kruk, Ivan"]
[Result "0-1"]
[WhiteElo "1738"]
[BlackElo "1976"]
[PlyCount "80"]
[EventDate "2011.01.29"]
[EventType "swiss"]
[EventRounds "9"]
[EventCountry "RUS"]
[SourceTitle "EXT 2022"]
[Source "ChessBase"]
[SourceDate "2021.10.06"]
[SourceVersion "1"]
[SourceVersionDate "2021.10.06"]
[SourceQuality "1"]

1. e4 e5 2. Nf3 Nc6 3. d4 exd4 4. Nxd4 Nf6 5. Nxc6 bxc6 6. e5 Qe7 7. Qe2 Ng8 8. g3 g6 9. Bg2 Bg7 10. f4 Nh6 11. 0-0 0-0 12. Nc3 Rb8 13. b3 Nf5 14. Bb2 d5 15. Rfe1 h5 16. Qf2 Be6 17. Ne2 c5 18. Ba3 Rb5 19. Nc3 Ra5 20. Na4 d4 21. Qd2 Rb5 22. Bc6 Rb4 23. Bxb4 cxb4 24. Be4 c5 25. Nb2 h4 26. Bxf5 Bxf5 27. Nc4 h3 28. Qe2 Qe6 29. Nd6 Bg4 30. Qc4 Qd7 31. Qxc5 Rd8 32. Qb5 Qe6 33. Qxb4 d3 34. cxd3 Qd5 35. Qd2 Rxd6 36. Re3 Rc6 37. Rae1 Bf8 38. Re4 a5 39. d4 Bb4 40. Qf2 Bxe1 0-1